000 00764nam a2200241 a 4500
001 59234
003 BD-RjUL
005 20211209080716.0
008 161222s1948 ilu 001 0 eng
035 _a(BD-RjUL)59358
040 _aDLC
_cWSU
_dBD-RjUL
_beng
041 _aeng
082 _a320.15
_223
_bGRP 1948
100 1 _aGrazia, Sebastian De
_9176173
245 1 4 _aThe political community :
_ba study of anomie /
_cby Sebastian De Grazia.
260 _aChicago :
_bUniversity of Chicago Press,
_cc1948.
300 _axx, 258 p. ;
_c24 cm.
500 _aBibliographical references included in "Notes" (p. [193]-242) - Includes indexes.
650 0 _aAnomy
_9176174
650 0 _aBelief and doubt
_9176175
650 0 _aState, The
_9171550
942 _2ddc
_cBK
999 _c59234
_d59234